00584 2200169 4500245006300000020001800063250001000081100002600091650001600117005001900133260004200152041001400194084000800208300002200216500016700238336000900405 aJANGAN MALU-MALUIN DONG, MUM!cJ. E. Retno DwiastutihText a979-22-1101-2 aCet.1 aJ. E. Retno Dwiastuti aNovel Fiksi a20250131134733 aJakartabGramedia Pustaka Utamac2005 aIndonesia a813 a200 hlm. :c21 cm aAyah Sumitha ngotot mempertahankan tradisi India mereka. Itu artinya, Sumitha tidak boleh potong rambut dan pakai make-up, apalagi pergi ke disko dan punya cowok! atext